000
00216 a2200097 4500
001
42586
100
_a
Kirley
245
_a
The War against Japan
260
_a
London
_b
majesty's stationary
_c
090
_c
26491
_d
26491
942
_a
NUST-CAE
_c
M
_c
18326
999
_c
277659
_d
277659